The Fashion Dictionary : A Visual Resource for Term, Techniques & Styles (Record no. 5900)
[ view plain ]
| 000 -LEADER | |
|---|---|
| fixed length control field | 00690nam a2200205Ia 4500 |
| 005 - DATE AND TIME OF LATEST TRANSACTION | |
| control field | 20240524151559.0 |
| 008 - FIXED-LENGTH DATA ELEMENTS--GENERAL INFORMATION | |
| fixed length control field | 220524s9999 xx 000 0 und d |
| 020 ## - INTERNATIONAL STANDARD BOOK NUMBER | |
| International Standard Book Number | 9781780975696 |
| 041 ## - LANGUAGE CODE | |
| Language code of text/sound track or separate title | eng |
| 082 ## - DEWEY DECIMAL CLASSIFICATION NUMBER | |
| Classification number | 746.92 |
| Item number | ANG |
| 100 ## - MAIN ENTRY--PERSONAL NAME | |
| Author | Angus Emily |
| 245 ## - TITLE STATEMENT | |
| Title | The Fashion Dictionary : A Visual Resource for Term, Techniques & Styles |
| 260 ## - PUBLICATION, DISTRIBUTION, ETC. | |
| Name of publisher, distributor, etc. | Carlton Books |
| Date of publication, distribution, etc. | 2015 |
| Place of publication, distribution, etc. | London |
| 300 ## - PHYSICAL DESCRIPTION | |
| Extent | 352 |
| 520 ## - SUMMARY, ETC. | |
| Summary, etc. | • Fashion Terminology<br/>• Styles and Components of Dress<br/>• Design, Tailoring, and Stitching.<br/>• Textiles and Embellishments<br/> |
| 650 ## - SUBJECT ADDED ENTRY--TOPICAL TERM | |
| Topical term or geographic name entry element | Fashion Design |
| 700 ## - ADDED ENTRY--PERSONAL NAME | |
| Personal name | Baudis Macushla |
| -- | Woodcock Philippa |
| 942 ## - ADDED ENTRY ELEMENTS (KOHA) | |
| Koha item type | Reference book |
| 906 ## - LOCAL DATA ELEMENT F, LDF (RLIN) | |
| a | 1242 |
| Withdrawn status | Lost status | Source of classification or shelving scheme | Damaged status | Not for loan | Home library | Current library | Date acquired | Vendor | Net Price | Full call number | Barcode | Date last seen | Actual Price | Bill Date | Koha item type | Original Barcode |
|---|---|---|---|---|---|---|---|---|---|---|---|---|---|---|---|---|
| Dewey Decimal Classification | School of Fashion Technology | School of Fashion Technology | 16/09/2016 | Pankaj Pub.International | 2340.00 | 746.92 ANG | SOFT-BK-1241 | 08/07/2022 | 2340.00 | 08/07/2022 | Reference book | 001241 |